000 00514nam a2200217Ia 4500
003 OSt
005 20230511102628.0
008 210423s2007 xx 000 0 und d
020 _a9781012564
040 _cAL
041 _aeng
082 _a664 POTN
_223
100 _aPOTTER (Norman N);HOTCHKISS (Joseph H).
_9102320
245 _aFood science.
250 _a5
260 _aNew Delhi
_bC B S Publications
_c2007
300 _bPB
365 _b475
_cINR
906 _aFood ; science.
942 _2ddc
_cBK
999 _c164595
_d164595